000
00223nam a2200097Ia 4500
008
190216s9999||||xx |||||||||||||| ||und||
100
_a
Joseph T U
245
0
_a
Anavritha Beejigal
260
_b
Kerala Basha Inst
942
_c
BK
999
_c
37656
_d
37656